000 00525nam a2200181Ia 4500
003 OSt
005 20260326142559.0
008 190216s9999||||xx |||||||||||||| ||und||
020 _a9788189716035
040 _coclc
082 _a863.01
_bBOR/B
100 1 _aBorges, Jorge Luis,
_d1899-1986
_98163
245 0 _aBorhas Kathakal /
_cJorge Luis Borges
260 _bRainbow Publications,
_aTrivandrum:
_c2005.
300 _a125p
650 _aKathakal
942 _cBK
_2ddc
_h863.01
_iBOR/B
_k863.01
_mBOR/B
999 _c29140
_d29140